000 00904nam a22001697a 4500
003 OSt
005 20251204093059.0
008 251204b |||||||| |||| 00| 0 eng d
040 _cDCL
082 _a၂၉၄.၃၄၄၃၅
100 0 _aကျော်နန္ဒအောင်။
245 1 0 _aကျေးဇူးတော်ရှင်ဆရာတော်ကြီးများ၏ ဝိပဿနာရူနည်းများ (၉) တွဲပေါင်းချုပ်၊
_nဒုတိယအုပ် /
_cကျော်နန္ဒအောင် ။
260 _aရန်ကုန်မြို့ ၊
_bစိတ်ကူးချိုချိုစာပေ ၊
_c၂၀၁၁။
300 _a၈၁၃-၁၆၀၅ စာမျက်နှာ ၊
_c၂၇ စင်တီ။
650 _aဝိပဿနာ
942 _2ddc
_cSHORT TERM
_n0
999 _c2656
_d2656